[Event "POL-chT 2nd League"]
[Site "Jastrzebia Gora"]
[Date "2022.09.06"]
[Round "4.63"]
[White "Sobolewski, Piotr"]
[Black "Duda, Lukasz"]
[Result "1-0"]
[WhiteElo "1944"]
[BlackElo "2115"]
[PlyCount "107"]
[EventDate "2022.09.03"]
[EventType "team-swiss"]
[EventRounds "9"]
[EventCountry "POL"]
[SourceTitle "CBM 210 Extra"]
[Source "ChessBase"]
[SourceDate "2022.11.30"]
[SourceVersion "1"]
[SourceVersionDate "2022.11.30"]
[SourceQuality "1"]
[WhiteTeam "Lipusz WDA"]
[BlackTeam "Gliwice Politechnika Slaska"]
[WhiteTeamCountry "POL"]
[BlackTeamCountry "POL"]

1. e4 e6 2. d3 d5 3. Nd2 c5 4. Ngf3 Nc6 5. g3 Be7 6. Bg2 Nf6 7. 0-0 0-0 8. Re1 b5 9. e5 Nd7 10. Nf1 a5 11. h4 Bb7 12. N1h2 Qc7 13. Bf4 Nd4 14. Ng4 Nf5 15. Bg5 Rfe8 16. Bxe7 Rxe7 17. Qd2 Ree8 18. Qg5 Qd8 19. Qf4 Rc8 20. c3 Nf8 21. Ngh2 d4 22. cxd4 Bxf3 23. Nxf3 cxd4 24. Rac1 Ng6 25. Qe4 Qd5 26. Qxd5 exd5 27. Bh3 Rxc1 28. Rxc1 Nfe7 29. h5 Nf8 30. Nxd4 g6 31. hxg6 Nfxg6 32. Nf3 Rb8 33. d4 Rb6 34. Rc5 Nc6 35. a3 b4 36. Rxd5 bxa3 37. bxa3 Rb3 38. Rc5 Rxf3 39. Rxc6 Rxa3 40. e6 fxe6 41. Bxe6+ Kg7 42. Ra6 Ra1+ 43. Kg2 a4 44. Bc4 a3 45. Bb3 h5 46. d5 Nf8 47. d6 Kf6 48. Ra7 Ne6 49. Ra5 Nd4 50. d7 Ke7 51. d8Q+ Kxd8 52. Rd5+ Ke7 53. Rxd4 a2 54. Ra4 1-0

[Event "Rubinstein Memorial op-C 57th"]
[Site "Polanica Zdroj"]
[Date "2021.08.20"]
[Round "7"]
[White "Uscinski, Marek"]
[Black "Sobolewski, Piotr"]
[Result "1/2-1/2"]
[WhiteElo "1799"]
[BlackElo "1958"]
[PlyCount "46"]
[EventDate "2021.08.14"]
[EventType "swiss"]
[EventRounds "9"]
[EventCountry "POL"]
[SourceTitle "EXT 2023"]
[Source "ChessBase"]
[SourceDate "2022.10.05"]
[SourceVersion "1"]
[SourceVersionDate "2022.10.05"]
[SourceQuality "1"]

1. d4 g6 2. e4 c6 3. Nc3 d5 4. Nf3 Bg7 5. h3 dxe4 6. Nxe4 Nd7 7. Bc4 Ngf6 8. Ng3 0-0 9. 0-0 c5 10. dxc5 Nxc5 11. Qe2 Be6 12. Bxe6 Nxe6 13. Rd1 Qc7 14. c3 Rfd8 15. Be3 Nd5 16. Nf1 Nxe3 17. Qxe3 a6 18. Re1 Rd7 19. Rad1 Rxd1 20. Rxd1 Rd8 21. Re1 Rd7 22. Ne5 Bxe5 23. Qxe5 Qxe5 1/2-1/2

[Event "Rubinstein Memorial op-C 57th"]
[Site "Polanica Zdroj"]
[Date "2021.08.19"]
[Round "6"]
[White "Sobolewski, Piotr"]
[Black "Krupa, Jerzy"]
[Result "1-0"]
[WhiteElo "1958"]
[BlackElo "1831"]
[PlyCount "93"]
[EventDate "2021.08.14"]
[EventType "swiss"]
[EventRounds "9"]
[EventCountry "POL"]
[SourceTitle "EXT 2023"]
[Source "ChessBase"]
[SourceDate "2022.10.05"]
[SourceVersion "1"]
[SourceVersionDate "2022.10.05"]
[SourceQuality "1"]

1. e4 c5 2. Nf3 e6 3. d3 Nc6 4. g3 Nf6 5. Bg2 Be7 6. 0-0 d6 7. Re1 e5 8. h3 Be6 9. Nbd2 Qd7 10. Ng5 h6 11. Nxe6 Qxe6 12. Nc4 0-0-0 13. Ne3 Kb8 14. c3 g6 15. Nd5 Rdg8 16. Be3 Bd8 17. a3 Qd7 18. Qa4 Qe8 19. b4 b6 20. bxc5 dxc5 21. Reb1 Nxd5 22. exd5 Ne7 23. Qe4 f5 24. Qxe5+ Kc8 25. Bxc5 Qd7 26. Bd4 Re8 27. Re1 Rhg8 28. Qe6 g5 29. d6 Qxe6 30. Rxe6 Ng6 31. Bd5 Kd7 32. Rae1 Ref8 33. Bc4 f4 34. Bb5+ Kc8 35. Bc6 fxg3 36. fxg3 h5 37. Be8 Nf4 38. gxf4 gxf4+ 39. Kf2 Bh4+ 40. Kf1 Bxe1 41. d7+ Kd8 42. Kxe1 Rg3 43. Bf6+ Rxf6 44. Rxf6 Rxd3 45. Rc6 Ke7 46. Rc8 h4 47. Ke2 1-0

[Event "Rubinstein Memorial op-C 57th"]
[Site "Polanica Zdroj"]
[Date "2021.08.18"]
[Round "5"]
[White "Klucznik, Andre"]
[Black "Sobolewski, Piotr"]
[Result "1-0"]
[WhiteElo "1670"]
[BlackElo "1958"]
[PlyCount "83"]
[EventDate "2021.08.14"]
[EventType "swiss"]
[EventRounds "9"]
[EventCountry "POL"]
[SourceTitle "EXT 2023"]
[Source "ChessBase"]
[SourceDate "2022.10.05"]
[SourceVersion "1"]
[SourceVersionDate "2022.10.05"]
[SourceQuality "1"]

1. c4 f5 2. g3 Nf6 3. Nf3 g6 4. b3 Bg7 5. Bb2 d6 6. d4 0-0 7. Bg2 Qe8 8. 0-0 Na6 9. Nc3 c5 10. e3 h6 11. Qd2 g5 12. dxc5 Nxc5 13. Nd5 Nce4 14. Nxf6+ Bxf6 15. Qc2 Bd7 16. Bxf6 Rxf6 17. Nd4 e5 18. Nxf5 Nc5 19. e4 Qf8 20. Ne3 Ne6 21. Nd5 Rf7 22. Qd2 Bc6 23. Rad1 Nd4 24. f4 Bxd5 25. fxe5 dxe5 26. exd5 Qc5 27. Kh1 Raf8 28. Rxf7 Rxf7 29. Qd3 Kg7 30. Qe4 Re7 31. Rf1 a5 32. h4 Qd6 33. h5 b6 34. Bh3 Re8 35. Be6 Rxe6 36. dxe6 Qxe6 37. Qb7+ Kg8 38. Qb8+ Kh7 39. Qc7+ Kg8 40. Qd8+ Kh7 41. g4 Ne2 42. Rf6 1-0

[Event "Rubinstein Memorial op-C 57th"]
[Site "Polanica Zdroj"]
[Date "2021.08.17"]
[Round "4"]
[White "Sobolewski, Piotr"]
[Black "Tomalak, Stanislaw"]
[Result "1-0"]
[WhiteElo "1958"]
[BlackElo "1685"]
[PlyCount "78"]
[EventDate "2021.08.14"]
[EventType "swiss"]
[EventRounds "9"]
[EventCountry "POL"]
[SourceTitle "EXT 2023"]
[Source "ChessBase"]
[SourceDate "2022.10.05"]
[SourceVersion "1"]
[SourceVersionDate "2022.10.05"]
[SourceQuality "1"]

1. e4 e5 2. Nf3 Nc6 3. c3 Nf6 4. d3 d5 5. Nbd2 Bg4 6. Be2 Bc5 7. 0-0 0-0 8. b4 Bd6 9. a3 Qd7 10. Re1 Rad8 11. Qc2 h6 12. Bf1 dxe4 13. dxe4 Ne7 14. h3 Bh5 15. Bb2 Bxf3 16. Nxf3 Ng6 17. Rad1 Qc8 18. Nd2 c6 19. Nc4 Bc7 20. Ne3 Nf4 21. Nf5 Kh7 22. g3 N4h5 23. Bc1 Bb6 24. Kh2 Rxd1 25. Rxd1 Rd8 26. f3 Qe6 27. Rxd8 Bxd8 28. c4 Be7 29. c5 Bf8 30. Bc4 Qd7 31. Bb2 g6 32. Ne3 Qe8 33. Qb3 Kg8 34. Qc3 Nd7 35. Bb3 Ng7 36. Ng4 h5 37. Nh6+ Kh7 38. Nxf7 Ne6 39. Bxe6 Be7 1-0

[Event "Rubinstein Memorial op-C 57th"]
[Site "Polanica Zdroj"]
[Date "2021.08.15"]
[Round "2"]
[White "Sobolewski, Piotr"]
[Black "Tchorzewski, Kazimierz"]
[Result "1-0"]
[WhiteElo "1958"]
[BlackElo "1664"]
[PlyCount "111"]
[EventDate "2021.08.14"]
[EventType "swiss"]
[EventRounds "9"]
[EventCountry "POL"]
[SourceTitle "EXT 2023"]
[Source "ChessBase"]
[SourceDate "2022.10.05"]
[SourceVersion "1"]
[SourceVersionDate "2022.10.05"]
[SourceQuality "1"]

1. e4 c5 2. Nf3 d6 3. Bb5+ Nd7 4. c3 a6 5. Ba4 b5 6. Bc2 e6 7. d3 Ne7 8. 0-0 Ng6 9. Re1 Be7 10. Be3 Bb7 11. Nbd2 Qc7 12. Qe2 Rc8 13. Rac1 0-0 14. Bb1 Bf6 15. Nf1 Rfe8 16. d4 d5 17. e5 Be7 18. Ng3 Ngf8 19. Nh5 f5 20. exf6 Bxf6 21. Nxf6+ gxf6 22. Nh4 Re7 23. Bh6 Rce8 24. Qh5 Qd8 25. Re3 e5 26. Nf5 e4 27. Nd6 Bc6 28. Nxe8 Qxe8 29. Qxe8 Rxe8 30. Bc2 f5 31. f3 Ng6 32. f4 c4 33. Bd1 Nf6 34. Bg5 Kf7 35. Bxf6 Kxf6 36. g3 a5 37. a3 Rb8 38. Bh5 Ne7 39. h3 Rg8 40. Kf2 h6 41. g4 Bd7 42. Rg1 b4 43. axb4 axb4 44. Ra1 bxc3 45. Ra6+ Nc6 46. bxc3 Ke7 47. gxf5 Rf8 48. Rg3 Rf6 49. Rg7+ Kd6 50. Rg6 Ke7 51. Kg3 e3 52. Rxf6 Kxf6 53. Kf3 Ke7 54. Kxe3 Nb8 55. Rxh6 Bxf5 56. Bg4 1-0

[Event "Polanica Zdroj op-B 56th"]
[Site "Polanica Zdroj"]
[Date "2020.08.20"]
[Round "6"]
[White "Sobolewski, Piotr"]
[Black "Krupa, Jerzy"]
[Result "1/2-1/2"]
[WhiteElo "1985"]
[BlackElo "1818"]
[PlyCount "98"]
[EventDate "2020.08.15"]
[EventType "swiss"]
[EventRounds "9"]
[EventCountry "POL"]
[SourceTitle "CBM 198 Extra"]
[Source "ChessBase"]
[SourceDate "2020.11.30"]
[SourceVersion "1"]
[SourceVersionDate "2020.11.30"]
[SourceQuality "1"]

1. e4 c5 2. Nf3 e6 3. d3 Nc6 4. g3 Be7 5. Bg2 Nf6 6. 0-0 0-0 7. Re1 d6 8. c3 e5 9. h3 Bd7 10. Nbd2 Qc8 11. Kh2 b5 12. Nf1 Rb8 13. Ne3 Bd8 14. Ng1 Ne7 15. Bf3 a5 16. Ng4 Nxg4+ 17. Bxg4 f5 18. exf5 Bxf5 19. Qe2 Bxg4 20. hxg4 Nd5 21. Kg2 Nf6 22. f3 h5 23. gxh5 Nxh5 24. Qe4 Nf6 25. Qg6 Qc6 26. Bh6 Rb7 27. Re2 Qd5 28. a4 b4 29. c4 Qf7 30. Qxf7+ Rbxf7 31. Be3 Nh7 32. b3 Bg5 33. Bf2 Bh6 34. Rf1 Ng5 35. Be3 Ne6 36. Bf2 g5 37. Re4 Kg7 38. Rg4 Kg6 39. Be3 Kh5 40. Re4 Kg6 41. Rf2 Ng7 42. g4 Ne6 43. Kf1 Rh7 44. Rh2 Rfh8 45. Kg2 Bf8 46. Rxh7 Rxh7 47. Ne2 Be7 48. Ng3 Ng7 49. Bd2 Bf8 1/2-1/2

[Event "Polanica Zdroj op-B 56th"]
[Site "Polanica Zdroj"]
[Date "2020.08.18"]
[Round "4"]
[White "Rychlik, Bogdan"]
[Black "Sobolewski, Piotr"]
[Result "0-1"]
[WhiteElo "1638"]
[BlackElo "1985"]
[PlyCount "114"]
[EventDate "2020.08.15"]
[EventType "swiss"]
[EventRounds "9"]
[EventCountry "POL"]
[SourceTitle "CBM 198 Extra"]
[Source "ChessBase"]
[SourceDate "2020.11.30"]
[SourceVersion "1"]
[SourceVersionDate "2020.11.30"]
[SourceQuality "1"]

1. e4 Nf6 2. e5 Nd5 3. d4 d6 4. c4 Nb6 5. f4 dxe5 6. fxe5 Nc6 7. Be3 Bf5 8. Nc3 e6 9. a3 Qd7 10. h3 0-0-0 11. Nf3 f6 12. Be2 fxe5 13. dxe5 Qe8 14. Qc1 Na5 15. Nd2 Nd7 16. Bf4 h6 17. 0-0 g5 18. Bh2 Bc5+ 19. Kh1 Be3 20. Qe1 Bxd2 21. Qxd2 Nb3 22. Qe3 Nxa1 23. Rxa1 Nb6 24. a4 Kb8 25. a5 Nc8 26. a6 b6 27. c5 Qc6 28. b4 Qd7 29. Qf3 c6 30. b5 cxb5 31. cxb6 Nxb6 32. Nxb5 Qd5 33. Qf2 Bxh3 34. Nd6 Rhf8 35. Bf3 Rxf3 36. Qxf3 Qxf3 37. gxf3 Rf8 38. Ra3 Bf1 39. Kg1 Be2 40. Kf2 Bd1 41. Rd3 Ba4 42. Kg3 Bc6 43. Bg1 Bd5 44. Ra3 h5 45. Rd3 Nd7 46. Rxd5 exd5 47. e6 Nf6 48. e7 h4+ 49. Kg2 Rg8 50. Bh2 Ka8 51. Nb5 Ne8 52. Be5 Rg6 53. Nd6 Nxd6 54. Bxd6 Re6 55. Kh3 d4 56. Kg4 d3 57. Bb4 Rxe7 0-1

[Event "Polanica Zdroj op-B 56th"]
[Site "Polanica Zdroj"]
[Date "2020.08.15"]
[Round "1"]
[White "Sobolewski, Piotr"]
[Black "Mazurkiewicz, Wojciech"]
[Result "1-0"]
[WhiteElo "1985"]
[BlackElo "1486"]
[PlyCount "73"]
[EventDate "2020.08.15"]
[EventType "swiss"]
[EventRounds "9"]
[EventCountry "POL"]
[SourceTitle "CBM 198 Extra"]
[Source "ChessBase"]
[SourceDate "2020.11.30"]
[SourceVersion "1"]
[SourceVersionDate "2020.11.30"]
[SourceQuality "1"]

1. e4 e5 2. Nf3 Nf6 3. d3 Nc6 4. Be2 d5 5. Nbd2 Bc5 6. 0-0 0-0 7. c3 Re8 8. b4 Bb6 9. Bb2 Bg4 10. h3 Bh5 11. a3 dxe4 12. dxe4 Bg6 13. Qc2 Qe7 14. Nh4 Rad8 15. Nxg6 hxg6 16. Nc4 Rd7 17. a4 a6 18. Nxb6 cxb6 19. Ba3 Qe6 20. Rad1 Red8 21. Rxd7 Rxd7 22. Bc1 Rc7 23. Qd3 Rd7 24. Qf3 Qb3 25. b5 Na5 26. bxa6 bxa6 27. Bxa6 Qxa4 28. Bd3 Nc4 29. Bg5 Nb2 30. Bb1 Nc4 31. Qe2 b5 32. Bd3 Qb3 33. Rc1 Nb2 34. Bxb5 Rd1+ 35. Rxd1 Nxe4 36. Rd8+ Kh7 37. Qxe4 1-0

[Event "POL-chT 2nd League"]
[Site "Jastrzebia Gora"]
[Date "2019.09.13"]
[Round "7.22"]
[White "Sobolewski, Piotr"]
[Black "Miasik, Adrian"]
[Result "1-0"]
[WhiteElo "2008"]
[BlackElo "1857"]
[PlyCount "120"]
[EventDate "2019.09.07"]
[EventType "team-swiss"]
[EventRounds "9"]
[EventCountry "POL"]
[SourceTitle "EXT 2020"]
[Source "ChessBase"]
[SourceDate "2019.10.17"]
[SourceVersion "1"]
[SourceVersionDate "2019.10.17"]
[SourceQuality "1"]
[WhiteTeam "Lipusz WDA"]
[BlackTeam "Rzeszow RzKSz"]
[WhiteTeamCountry "POL"]
[BlackTeamCountry "POL"]

1. e4 e5 2. Nf3 Nc6 3. Be2 Nf6 4. d3 d5 5. Nbd2 Be7 6. 0-0 0-0 7. c3 Be6 8. Qc2 Qd7 9. Ng5 Bg4 10. f3 Bc5+ 11. Kh1 Bh5 12. b4 Be3 13. Nb3 Bxc1 14. Rfxc1 Qe7 15. Nh3 Nd8 16. Qd2 Ne6 17. Qe3 Rad8 18. a3 d4 19. Qf2 b6 20. cxd4 Nxd4 21. Nxd4 Rxd4 22. Rc6 Rfd8 23. Rac1 R8d7 24. Qe1 Ne8 25. Qc3 R7d6 26. Nf2 Rxc6 27. Qxc6 Rd7 28. Bd1 Rd6 29. Qc4 c6 30. Bb3 Nc7 31. Qc3 Nb5 32. Qb2 Nd4 33. Bd1 Qf6 34. Nh3 Qh6 35. Ng1 Qe3 36. a4 Qxd3 37. a5 Qb5 38. axb6 axb6 39. Ra1 Rd8 40. Ba4 Qd3 41. Rd1 Qc4 42. Bb3 Qa6 43. Qc3 Ra8 44. Bc4 Qa3 45. Qe1 b5 46. Bf1 f6 47. Ne2 Nc2 48. Qd2 Nxb4 49. Qd6 Qb3 50. Rc1 Bf7 51. Ng3 Qb2 52. Rd1 Qb3 53. Rc1 h6 54. Nf5 Na2 55. Rxc6 Qb1 56. Kg1 Nb4 57. Rc7 Ra1 58. Ng3 Bc4 59. Rxc4 bxc4 60. Qe6+ Kf8 1-0

[Event "Rubinstein Memorial-B 54th"]
[Site "Polanica Zdroj"]
[Date "2018.08.21"]
[Round "4"]
[White "Kawula, Andrzej"]
[Black "Sobolewski, Piotr"]
[Result "1/2-1/2"]
[WhiteElo "1838"]
[BlackElo "2053"]
[PlyCount "141"]
[EventDate "2018.08.18"]
[EventType "swiss"]
[EventRounds "9"]
[EventCountry "POL"]
[SourceTitle "EXT 2020"]
[Source "ChessBase"]
[SourceDate "2019.10.17"]
[SourceVersion "1"]
[SourceVersionDate "2019.10.17"]
[SourceQuality "1"]

1. d4 Nf6 2. c4 g6 3. Nc3 d5 4. cxd5 Nxd5 5. e4 Nxc3 6. bxc3 Bg7 7. Bc4 0-0 8. Ne2 Nc6 9. 0-0 b6 10. Be3 Bb7 11. Qd2 Qd6 12. e5 Nxe5 13. dxe5 Qc6 14. Bxf7+ Rxf7 15. f3 Bxe5 16. Nd4 Qc4 17. f4 Bg7 18. Rad1 Rd8 19. Qf2 e5 20. Nf3 Rxd1 21. Rxd1 exf4 22. Rd8+ Rf8 23. Rxf8+ Bxf8 24. Bd4 Qd3 25. Ne1 Qe4 26. h3 Qf5 27. Qe2 Qe4 28. Qd2 Be7 29. Nf3 g5 30. Qd1 c5 31. Bf2 Bc6 32. Ne1 Qd5 33. Qe2 Bf6 34. c4 Qe4 35. Qg4 h6 36. Nf3 Qe8 37. Qf5 Kg7 38. h4 Qd7 39. Qc2 g4 40. h5 Qe8 41. Nh4 Qxh5 42. Nf5+ Kg8 43. Qd3 g3 44. Bxg3 fxg3 45. Qxg3+ Bg5 46. Ne7+ Kg7 47. Nxc6 Qd1+ 48. Kh2 Qd7 49. Qf3 Qd6+ 50. g3 a6 51. a4 Qd2+ 52. Kh3 Qd7+ 53. Kg2 Bf6 54. Nb8 Qc8 55. Nc6 Qb7 56. Ne5 Qxf3+ 57. Nxf3 Kf7 58. Kf2 Ke6 59. Ke3 Kd6 60. Ke4 Kc6 61. Kd3 b5 62. cxb5+ axb5 63. axb5+ Kxb5 64. Nd2 Kb4 65. Nc4 h5 66. Ne3 Be5 67. Nf1 c4+ 68. Ke4 c3 69. Ne3 Bxg3 70. Nd5+ Kb3 71. Nxc3 1/2-1/2

[Event "Dobczyce op 20th"]
[Site "Dobczyce"]
[Date "2012.07.18"]
[Round "5"]
[White "Klementys, Jerzy"]
[Black "Sobolewski, Piotr"]
[Result "0-1"]
[WhiteElo "1800"]
[BlackElo "2166"]
[PlyCount "112"]
[EventDate "2012.07.14"]
[EventType "swiss"]
[EventRounds "9"]
[EventCountry "POL"]
[SourceTitle "CBM 149 Extra"]
[Source "ChessBase"]
[SourceDate "2012.08.24"]
[SourceVersion "1"]
[SourceVersionDate "2012.08.24"]
[SourceQuality "1"]

1. d4 Nf6 2. c4 g6 3. Nc3 d5 4. e3 Bg7 5. Nf3 0-0 6. Bd2 c5 7. dxc5 Na6 8. cxd5 Nxc5 9. Bc4 a6 10. a4 e6 11. dxe6 Bxe6 12. Be2 Nd3+ 13. Bxd3 Qxd3 14. Qe2 Bc4 15. Qxd3 Bxd3 16. Nd4 b5 17. Nce2 Ne4 18. Bc1 bxa4 19. Rxa4 Rac8 20. Ra3 Bxe2 21. Nxe2 Rc2 22. f3 Rfc8 23. Ra1 Nc5 24. Kd1 Nb3 25. Rb1 a5 26. g4 a4 27. Nc3 Rxc1+ 28. Rxc1 Nxc1 29. Kxc1 a3 30. Kd2 axb2 31. Nb1 Kf8 32. Na3 Ra8 33. Nc2 Ra1 34. Nxa1 bxa1Q 35. Rxa1 Bxa1 36. h4 h6 37. f4 Ke7 38. Ke2 Ke6 39. e4 g5 40. fxg5 hxg5 41. h5 Ke5 42. Ke3 Bb2 43. Kf3 Bd4 44. h6 Kf6 45. Ke2 Kg6 46. Kd3 Be5 47. Kc4 Kxh6 48. Kd5 f6 49. Ke6 Kg6 50. Ke7 Bb2 51. Kf8 Ba3+ 52. Kg8 Bb4 53. Kh8 Kf7 54. Kh7 Ke6 55. Kg7 Ke5 56. Kg6 Bc3 0-1

[Event "Lasker Memorial op-B"]
[Site "Barlinek"]
[Date "2001.??.??"]
[Round "2"]
[White "Sobolewski, Piotr"]
[Black "Maliszewski, Jaroslaw"]
[Result "1-0"]
[WhiteElo "2135"]
[BlackElo "2020"]
[PlyCount "71"]
[EventDate "2001.07.19"]
[EventType "swiss"]
[EventRounds "10"]
[EventCountry "POL"]
[SourceTitle "EXT 2003"]
[Source "ChessBase"]
[SourceDate "2002.11.25"]
[SourceVersion "1"]
[SourceVersionDate "2002.11.25"]
[SourceQuality "1"]

1. e4 c5 2. Nf3 Nc6 3. Bb5 g6 4. 0-0 Bg7 5. c3 e5 6. d3 Nge7 7. Be3 Qb6 8. Na3 0-0 9. b4 d6 10. Ba4 a5 11. Nc4 Qa7 12. b5 Nd8 13. Nxd6 Bg4 14. Nc4 b6 15. h3 Bxf3 16. Qxf3 f5 17. Bg5 Rf7 18. Bxe7 Rxe7 19. exf5 Rf7 20. Nd6 Rf6 21. Qd5+ Kh8 22. fxg6 Rxg6 23. Rae1 Ne6 24. Nf7+ Kg8 25. Nxe5 Rd8 26. Qc4 Bxe5 27. Rxe5 Qd7 28. Rxe6 Rxe6 29. Bb3 Kf7 30. Re1 Rde8 31. Rxe6 Rxe6 32. f4 a4 33. Qxe6+ Qxe6 34. Bxe6+ Kxe6 35. g4 Kd5 36. f5 1-0

[Event "Lasker Memorial op-B"]
[Site "Barlinek"]
[Date "2001.??.??"]
[Round "6"]
[White "Sobolewski, Piotr"]
[Black "Shushvar, Vitaly"]
[Result "0-1"]
[WhiteElo "2135"]
[BlackElo "2195"]
[PlyCount "92"]
[EventDate "2001.07.19"]
[EventType "swiss"]
[EventRounds "10"]
[EventCountry "POL"]
[SourceTitle "EXT 2003"]
[Source "ChessBase"]
[SourceDate "2002.11.25"]
[SourceVersion "1"]
[SourceVersionDate "2002.11.25"]
[SourceQuality "1"]

1. f4 Nf6 2. Nf3 g6 3. g3 b6 4. d3 d6 5. Bg2 Bb7 6. e4 Bg7 7. Nc3 0-0 8. 0-0 c5 9. h3 Nc6 10. Ne2 e5 11. g4 exf4 12. Bxf4 d5 13. exd5 Nxd5 14. Bg5 Qe8 15. Qd2 f6 16. Bf4 Nxf4 17. Nxf4 Qd7 18. Rae1 Rae8 19. Rxe8 Rxe8 20. Re1 Ne5 21. Nxe5 fxe5 22. Bxb7 Qxb7 23. Qg2 Qxg2+ 24. Kxg2 c4 25. Re4 Rc8 26. Nd5 cxd3 27. c4 b5 28. b3 bxc4 29. bxc4 Rb8 30. Kf3 Rb2 31. c5 Rc2 32. c6 Kf7 33. Ra4 Rxc6 34. Rxa7+ Ke6 35. Ne3 Bh6 36. Rxh7 Bxe3 37. Kxe3 Rd6 38. Kd2 e4 39. Rh8 e3+ 40. Kd1 Kd5 41. g5 Rb6 42. Rd8+ Ke4 43. Re8+ Kf4 44. Rf8+ Kxg5 45. Kc1 d2+ 46. Kc2 Rc6+ 0-1

[Event "MK Cafe Cup-B"]
[Site "Koszalin"]
[Date "1997.??.??"]
[Round "1"]
[White "Kubala, Petr"]
[Black "Sobolewski, Piotr"]
[Result "0-1"]
[WhiteElo "2305"]
[BlackElo "2210"]
[PlyCount "116"]
[EventDate "1997.??.??"]
[EventType "swiss"]
[EventRounds "10"]
[EventCountry "POL"]
[SourceTitle "EXT 2000"]
[Source "ChessBase"]
[SourceDate "1999.11.16"]
[SourceVersion "1"]
[SourceVersionDate "1999.11.16"]
[SourceQuality "1"]

1. d4 e6 2. c4 f5 3. g3 Nf6 4. Bg2 Bb4+ 5. Nc3 0-0 6. Nf3 Ne4 7. Qb3 a5 8. 0-0 Bxc3 9. bxc3 a4 10. Qc2 d6 11. Ba3 Rf6 12. Ne1 Ng5 13. f4 Nf7 14. e4 fxe4 15. Bxe4 h6 16. Rb1 Ra7 17. Rb4 Qe8 18. Ng2 Nc6 19. Rbb1 Na5 20. Bd3 b6 21. c5 bxc5 22. dxc5 Ba6 23. c4 d5 24. Bb2 Bxc4 25. Bxf6 gxf6 26. Bxc4 Nxc4 27. Qg6+ Kf8 28. Rfe1 Nd2 29. Nh4 Nxb1 30. Qxf6 c6 31. Rxe6 Qd8 32. Ng6+ Kg8 33. Qb2 d4 34. Qe2 Nc3 35. Qg4 Ng5 36. Ne5 Rg7 37. fxg5 Qxg5 38. Qxg5 Rxg5 39. Nxc6 d3 40. Rd6 Rxc5 41. Nb4 Ne2+ 42. Kf1 Nc1 43. Nxd3 Rf5+ 44. Kg2 Nxa2 45. Rxh6 Rd5 46. Nf4 Ra5 47. Rc6 Nb4 48. Rc4 a3 49. Rc1 a2 50. h4 Nc2 51. h5 a1Q 52. Rxa1 Nxa1 53. Kf3 Kh7 54. Kg4 Nc2 55. Kh4 Ne3 56. Ng6 Kh6 57. Nf4 Ra4 58. Kh3 Kg5 0-1

[Event "MK Cafe Cup-B"]
[Site "Koszalin"]
[Date "1997.??.??"]
[Round "3"]
[White "Samborska, Marta"]
[Black "Sobolewski, Piotr"]
[Result "1/2-1/2"]
[WhiteElo "2075"]
[BlackElo "2210"]
[PlyCount "67"]
[EventDate "1997.??.??"]
[EventType "swiss"]
[EventRounds "10"]
[EventCountry "POL"]
[SourceTitle "EXT 2000"]
[Source "ChessBase"]
[SourceDate "1999.11.16"]
[SourceVersion "1"]
[SourceVersionDate "1999.11.16"]
[SourceQuality "1"]

1. e4 e6 2. d4 d5 3. Nd2 b6 4. exd5 exd5 5. Ngf3 Bd6 6. Be2 Ne7 7. 0-0 Ba6 8. Bxa6 Nxa6 9. Re1 0-0 10. Nf1 c5 11. Bg5 f6 12. Be3 Nc7 13. Ng3 Qd7 14. c4 cxd4 15. Qxd4 Rad8 16. Rad1 Kh8 17. cxd5 Ncxd5 18. Qd3 Nxe3 19. Qxe3 Nf5 20. Qd3 Nxg3 21. hxg3 Qc7 22. Qf5 Bc5 23. Rc1 Rfe8 24. Rxe8+ Rxe8 25. Rc2 Qe7 26. Rd2 Rd8 27. Qc2 Rxd2 28. Qxd2 g6 29. a3 a5 30. Ne1 Kg7 31. Nd3 Bd6 32. Nf4 Bxf4 33. Qxf4 Qc5 34. Qd2 1/2-1/2

[Event "MK Cafe Cup-B"]
[Site "Koszalin"]
[Date "1997.??.??"]
[Round "10"]
[White "Sobolewski, Piotr"]
[Black "Dobosz, Lukasz"]
[Result "0-1"]
[WhiteElo "2210"]
[BlackElo "2110"]
[PlyCount "48"]
[EventDate "1997.??.??"]
[EventType "swiss"]
[EventRounds "10"]
[EventCountry "POL"]
[SourceTitle "EXT 2000"]
[Source "ChessBase"]
[SourceDate "1999.11.16"]
[SourceVersion "1"]
[SourceVersionDate "1999.11.16"]
[SourceQuality "1"]

1. e4 e6 2. b3 d5 3. Bb2 Nf6 4. e5 Nfd7 5. f4 c5 6. Nf3 Nc6 7. Bb5 Qb6 8. Be2 Nd4 9. Bd3 a5 10. Ng5 g6 11. Nc3 a4 12. Rb1 axb3 13. axb3 Qc6 14. Ne2 Nb5 15. f5 gxf5 16. Nf4 Nd4 17. c3 Nxb3 18. c4 d4 19. Nxf7 Kxf7 20. Qh5+ Ke7 21. Qg5+ Ke8 22. Be2 Be7 23. Qg7 Rf8 24. Bd1 Qe4+ 0-1

[Event "Krynica op"]
[Site "Krynica"]
[Date "1995.??.??"]
[Round "3"]
[White "Sobolewski, Piotr"]
[Black "Szymczak, Zbigniew"]
[Result "0-1"]
[WhiteElo "2175"]
[BlackElo "2355"]
[PlyCount "78"]
[EventDate "1995.??.??"]
[EventType "swiss"]
[EventRounds "9"]
[EventCountry "POL"]
[SourceTitle "EXT 2004"]
[Source "ChessBase"]
[SourceDate "2003.11.25"]
[SourceVersion "1"]
[SourceVersionDate "2003.11.25"]
[SourceQuality "1"]

1. Nf3 g6 2. g3 Bg7 3. d4 Nf6 4. b3 0-0 5. Bb2 c5 6. Bg2 cxd4 7. Bxd4 Nc6 8. Bb2 d5 9. 0-0 Qc7 10. Na3 Rd8 11. e3 e5 12. Qe2 e4 13. Nd4 Bg4 14. Qd2 Ne5 15. h3 Nf3+ 16. Nxf3 exf3 17. hxg4 fxg2 18. Kxg2 d4 19. exd4 Nxg4 20. c4 Qe5 21. Rae1 Qh5 22. Rh1 Qf5 23. Nb5 a6 24. Nc7 Rac8 25. Nxa6 bxa6 26. d5 Ne5 27. Re3 h5 28. f4 Ng4 29. Re2 Bxb2 30. Qxb2 Re8 31. Qd2 Re4 32. d6 Rd8 33. Rhe1 Rxe2+ 34. Rxe2 Qc5 35. Re7 Rxd6 36. Qe1 Rd1 37. Re8+ Kh7 38. Re5 Qc6+ 39. Qe4 Nxe5 0-1

[Event "Leningrad it"]
[Site "Leningrad"]
[Date "1990.??.??"]
[Round "?"]
[White "Poldauf, Dirk"]
[Black "Sobolewski, Piotr"]
[Result "1-0"]
[WhiteElo "2370"]
[BlackElo "2305"]
[PlyCount "67"]
[EventDate "1990.??.??"]
[EventType "tourn"]
[EventRounds "13"]
[EventCountry "URS"]
[EventCategory "6"]
[SourceTitle "EXT 1997"]
[Source "ChessBase"]
[SourceDate "1996.11.15"]
[SourceVersion "1"]
[SourceVersionDate "1996.11.15"]
[SourceQuality "1"]

1. c4 f5 2. g3 Nf6 3. Bg2 g6 4. d4 Bg7 5. Nc3 d6 6. d5 0-0 7. Nh3 c5 8. 0-0 Na6 9. Re1 Rb8 10. Nf4 Nc7 11. a4 b6 12. e4 Ng4 13. h3 Ne5 14. exf5 Bxf5 15. Qe2 Kh8 16. Bd2 a6 17. b3 Bd7 18. Ne4 b5 19. Bc3 bxc4 20. bxc4 Rb3 21. Qc2 Qb8 22. Bxe5 Bxe5 23. Nxc5 Rb2 24. Qd1 Qa7 25. Ncd3 g5 26. Rxe5 gxf4 27. Rxe7 fxg3 28. Qh5 Bf5 29. Qh6 gxf2+ 30. Kh1 Ne6 31. Rxa7 f1Q+ 32. Rxf1 Rxg2 33. dxe6 Rfg8 34. Qf6+ 1-0